<?xml version="1.0" encoding="UTF-8"?>
<record
    xmlns:xsi="http://www.w3.org/2001/XMLSchema-instance"
    xsi:schemaLocation="http://www.loc.gov/MARC21/slim http://www.loc.gov/standards/marcxml/schema/MARC21slim.xsd"
    xmlns="http://www.loc.gov/MARC21/slim">

  <leader>02993nam a22002897a 4500</leader>
  <controlfield tag="003">OSt</controlfield>
  <controlfield tag="005">20251111114440.0</controlfield>
  <controlfield tag="007">cr ||||||a|c|a</controlfield>
  <controlfield tag="008">230502s2020    mx a|||fom||| 001 0 spa d</controlfield>
  <datafield tag="040" ind1=" " ind2=" ">
    <subfield code="e">rda</subfield>
  </datafield>
  <datafield tag="100" ind1="1" ind2=" ">
    <subfield code="9">186823</subfield>
    <subfield code="a">Hernandez Mart&#xED;nez, Erik</subfield>
  </datafield>
  <datafield tag="245" ind1="1" ind2="0">
    <subfield code="a">Composici&#xF3;n qu&#xED;mica del zacate b&#xFA;falo [Buchloe dactyliodes (Nutt.) Engelm] /</subfield>
    <subfield code="c">por Erik Hernandez  Martinez; director de tesis Miguel &#xC1;ngel Mata Espinosa</subfield>
  </datafield>
  <datafield tag="264" ind1=" " ind2="1">
    <subfield code="a">Chapingo, M&#xE9;xico :</subfield>
    <subfield code="b">El autor,</subfield>
    <subfield code="c">2020.</subfield>
  </datafield>
  <datafield tag="300" ind1=" " ind2=" ">
    <subfield code="a">1 recurso en l&#xED;nea (33 p&#xE1;ginas):</subfield>
    <subfield code="b">ilustraciones, cuadros</subfield>
  </datafield>
  <datafield tag="336" ind1=" " ind2=" ">
    <subfield code="2">rdacontent</subfield>
    <subfield code="a">texto</subfield>
    <subfield code="b">txt</subfield>
  </datafield>
  <datafield tag="337" ind1=" " ind2=" ">
    <subfield code="2">rdamedia</subfield>
    <subfield code="a">computadora</subfield>
    <subfield code="b">c</subfield>
  </datafield>
  <datafield tag="338" ind1=" " ind2=" ">
    <subfield code="2">rdacarrier</subfield>
    <subfield code="a">recurso en l&#xED;nea</subfield>
    <subfield code="b">cr</subfield>
  </datafield>
  <datafield tag="502" ind1=" " ind2=" ">
    <subfield code="b">ISP</subfield>
    <subfield code="c">URUZA</subfield>
    <subfield code="d">2020.</subfield>
    <subfield code="g">LIC</subfield>
  </datafield>
  <datafield tag="504" ind1=" " ind2=" ">
    <subfield code="a">Incluye referencias bibliogr&#xE1;ficas: p&#xE1;ginas 29-33</subfield>
  </datafield>
  <datafield tag="520" ind1=" " ind2=" ">
    <subfield code="a">Se evalu&#xF3; la calidad forrajera de 6 variedades de zacate B&#xFA;falo [Buchloe dactyloides (Nutt.) Engelm.], y 11 h&#xED;bridos interploidales (2RC10 &#x2640;, 4B9 &#x2640;, 4B9 &#x2642;, 4B56 &#x2642;, 4B56 &#x2640;, 6B14 &#x2642;, 6B99 &#x2640;, 2410.56-1 &#x2640;&#x2642;, 2410.56-2, 2410.56-3 &#x2640;&#x2642;, 2410.56-4 &#x2640;, 2410.56-5, 2610.14-1, 4656.14-1 &#x2642;, 4656.14-2 y 6499.56-1&#x2642;). Los forrajes se agruparon en 3 grupos por medio de la clasificaci&#xF3;n por cluster jer&#xE1;rquico (dendograma). El primero conformado por los ecotipos 2RC10H, 4B9H, 4B56M y 4B9M, cuya caracter&#xED;stica es alta en materia seca y energ&#xED;a; en contraste son bajos en fibra detergente neutro y acido; caracter&#xED;sticas que son sobresalientes y que se asocian a la composici&#xF3;n morfol&#xF3;gica. En el segundo grupo, las variables que se han descrito en este componente mantienen una asociaci&#xF3;n positiva entre s&#xED;: 4B56H, 241056-2, 465614-1, 465614-2, 261014-1, 649956-1, 241056-4, 241056-5, siendo distintivos en producir m&#xE1;s cantidad de prote&#xED;na, as&#xED; como de cenizas e intermedios en los nutrientes restantes. Finalmente, el grupo tres, caracterizado por incluir ecotipos con un contenido similar de materia seca que el grupo dos. Sin embargo, el contenido de fibra tanto detergente acido como neutro es el m&#xE1;s alto en relaci&#xF3;n al primer y segundo grupo; perteneciendo a este grupo los ecotipos 6B14M, 6499.9, 6B99H, 241056-1, 649956-2, 241056-3 que presentan una estructura morfolog&#xED;a con dominancia hexaploides. Bajo las condiciones del presente experimento y considerando el doble prop&#xF3;sito del zacate B&#xFA;falo, tanto como c&#xE9;sped y alimento forrajero; se propone utilizar alguno de los materiales gen&#xE9;ticos que integran el grupo II, considerando que &#xE9;stos tienen cantidades aceptables de prote&#xED;na y energ&#xED;a metabolizable para mantener una producci&#xF3;n animal aceptable.</subfield>
  </datafield>
  <datafield tag="650" ind1=" " ind2="4">
    <subfield code="9">88992</subfield>
    <subfield code="a">Plantas forrajeras</subfield>
    <subfield code="x">Valor nutritivo</subfield>
  </datafield>
  <datafield tag="650" ind1=" " ind2="4">
    <subfield code="9">88993</subfield>
    <subfield code="a">Plantas forrajeras</subfield>
    <subfield code="x">Variedades</subfield>
  </datafield>
  <datafield tag="650" ind1=" " ind2="4">
    <subfield code="9">133951</subfield>
    <subfield code="a">Pastos forrajeros</subfield>
    <subfield code="x">Calidad</subfield>
  </datafield>
  <datafield tag="700" ind1="1" ind2=" ">
    <subfield code="9">72862</subfield>
    <subfield code="a">Mata Espinosa, Miguel Angel</subfield>
    <subfield code="e">Director de tesis.</subfield>
  </datafield>
  <datafield tag="856" ind1=" " ind2=" ">
    <subfield code="u">http://10.13.5.2/tesis/tl/Hernandez_Martinez_Erik.pdf</subfield>
    <subfield code="z">DESCARGAR PDF</subfield>
  </datafield>
  <datafield tag="942" ind1=" " ind2=" ">
    <subfield code="2">Clasificaci&#xF3;n Universidad Aut&#xF3;noma Chapingo</subfield>
    <subfield code="c">TD</subfield>
  </datafield>
  <datafield tag="999" ind1=" " ind2=" ">
    <subfield code="c">218663</subfield>
    <subfield code="d">218663</subfield>
  </datafield>
  <datafield tag="952" ind1=" " ind2=" ">
    <subfield code="0">0</subfield>
    <subfield code="1">0</subfield>
    <subfield code="2">local</subfield>
    <subfield code="4">0</subfield>
    <subfield code="5">1</subfield>
    <subfield code="7">0</subfield>
    <subfield code="8">TesDigL</subfield>
    <subfield code="a">BD</subfield>
    <subfield code="b">BD</subfield>
    <subfield code="c">E_L</subfield>
    <subfield code="d">2023-05-02</subfield>
    <subfield code="l">0</subfield>
    <subfield code="o">Tesis digital</subfield>
    <subfield code="r">2023-05-02 00:00:00</subfield>
    <subfield code="w">2023-05-02</subfield>
    <subfield code="y">TD</subfield>
  </datafield>
</record>
